[Event "Capablanca Memorial op 43rd"]
[Site "Havana"]
[Date "2008.05.09"]
[Round "2"]
[White "Hernandez Onna, Roman"]
[Black "Iturrizaga Bonelli, Eduardo"]
[Result "1-0"]
[WhiteElo "2349"]
[BlackElo "2534"]
[PlyCount "99"]
[EventDate "2008.05.08"]
[EventType "swiss"]
[EventRounds "10"]
[EventCountry "CUB"]
[SourceTitle "CBM 124 Extra"]
[Source "ChessBase"]
[SourceDate "2008.07.03"]

1. c4 e5 2. Nc3 Nc6 3. g3 f5 4. Bg2 Nf6 5. d3 Bb4 6. Bd2 O-O 7. a3 Bxc3 8. Bxc3
d6 9. b4 f4 10. b5 Nd4 11. Bxd4 exd4 12. Nf3 Ng4 13. h3 Ne5 14. Nxe5 dxe5 15.
g4 Qh4 16. Qb3 Kh8 17. Qb4 Be6 18. Bxb7 Rab8 19. Bf3 Bf7 20. Qc5 Rbe8 21. a4
Bg6 22. Kf1 Qf6 23. Kg2 e4 24. dxe4 Bxe4 25. Rad1 d3 26. Rxd3 Bxd3 27. exd3 Rd8
28. Rd1 Qb6 29. Qxb6 axb6 30. Be4 g6 31. Kf3 Rd4 32. Ra1 Kg7 33. a5 bxa5 34.
Rxa5 Rf7 35. Ra8 g5 36. Ra6 Rfd7 37. Rc6 R4d6 38. Rc5 h6 39. Ke2 Kf8 40. Kd2
Re7 41. f3 Ke8 42. Kc3 Kd8 43. Rf5 Ree6 44. c5 Rd7 45. Rf8+ Ke7 46. Rc8 Re5 47.
Kc4 Kf6 48. Rh8 Ree7 49. Rxh6+ Ke5 50. Rh5 1-0

[Event "Capablanca Memorial op 43rd"]
[Site "Havana"]
[Date "2008.05.11"]
[Round "4"]
[White "Hernandez Onna, Roman"]
[Black "Gonzalez Vidal, Yuri"]
[Result "0-1"]
[WhiteElo "2349"]
[BlackElo "2477"]
[PlyCount "54"]
[EventDate "2008.05.08"]
[EventType "swiss"]
[EventRounds "10"]
[EventCountry "CUB"]
[SourceTitle "CBM 124 Extra"]
[Source "ChessBase"]
[SourceDate "2008.07.03"]

1. d4 Nf6 2. Nf3 e6 3. c4 b6 4. e3 Bb7 5. Bd3 c5 6. O-O Be7 7. Nbd2 cxd4 8.
exd4 O-O 9. b3 d5 10. Bb2 Nc6 11. Qe2 Rc8 12. Rad1 Re8 13. Bb1 Ba6 14. a3 Bd6
15. Ne5 Qe7 16. Bd3 Bb7 17. b4 dxc4 18. Bxc4 Nd5 19. f4 f6 20. Nd3 Qf7 21. Ne4
Bb8 22. Bb5 Red8 23. Qf2 Nce7 24. Rde1 Nf5 25. Ba4 Qg6 26. b5 Nde3 27. Ng3 Nxf1
0-1

[Event "Capablanca Memorial op 43rd"]
[Site "Havana"]
[Date "2008.05.12"]
[Round "5"]
[White "Otero Acosta, Diasmany"]
[Black "Hernandez Onna, Roman"]
[Result "1/2-1/2"]
[WhiteElo "2442"]
[BlackElo "2349"]
[PlyCount "116"]
[EventDate "2008.05.08"]
[EventType "swiss"]
[EventRounds "10"]
[EventCountry "CUB"]
[SourceTitle "CBM 124 Extra"]
[Source "ChessBase"]
[SourceDate "2008.07.03"]

1. d4 Nf6 2. c4 e6 3. Nc3 d5 4. Nf3 Be7 5. g3 Nbd7 6. Bg2 c6 7. O-O O-O 8. Bf4
b6 9. Ne5 Bb7 10. e4 Nxe5 11. dxe5 Nxe4 12. Nxe4 dxe4 13. Bxe4 Qxd1 14. Rfxd1
Rfd8 15. h4 Rxd1+ 16. Rxd1 Rd8 17. Rxd8+ Bxd8 18. b3 Bc7 19. Kg2 f6 20. g4 fxe5
21. Be3 h6 22. g5 hxg5 23. hxg5 Kf7 24. Kf3 Bd6 25. Kg4 Be7 26. Kh5 Bd6 27. f3
Be7 28. Bd2 Bd6 29. Bc3 Bc7 30. Ba1 Bb8 31. Bb2 Bd6 32. Bc3 Bc7 33. Kg4 Bd6 34.
Bb2 Kg8 35. Kg3 Be7 36. g6 Bd6 37. Kg2 Kf8 38. Kf1 Ke7 39. Ke2 Kd7 40. f4 Kc7
41. Kf3 Bc8 42. b4 Kd7 43. c5 bxc5 44. bxc5 Bxc5 45. Bxe5 Bf8 46. f5 exf5 47.
Bxf5+ Kd8 48. Bxc8 Kxc8 49. Ke4 Kd7 50. Kf5 a6 51. a4 c5 52. Bc3 Kd6 53. Ke4
Ke6 54. Be5 c4 55. Bc3 Be7 56. Bxg7 Bf6 57. Bf8 c3 58. Kd3 Kf5 1/2-1/2

[Event "Capablanca Memorial op 43rd"]
[Site "Havana"]
[Date "2008.05.14"]
[Round "7"]
[White "De la Paz Perdomo, Frank"]
[Black "Hernandez Onna, Roman"]
[Result "0-1"]
[WhiteElo "2483"]
[BlackElo "2349"]
[PlyCount "52"]
[EventDate "2008.05.08"]
[EventType "swiss"]
[EventRounds "10"]
[EventCountry "CUB"]
[SourceTitle "CBM 124 Extra"]
[Source "ChessBase"]
[SourceDate "2008.07.03"]

1. e4 e5 2. Nf3 Nc6 3. Bc4 Nf6 4. d3 Be7 5. O-O O-O 6. Re1 d6 7. a4 Na5 8. Ba2
c5 9. Nc3 Nc6 10. h3 Bd7 11. Bg5 h6 12. Bxf6 Bxf6 13. Nd5 Be6 14. Qd2 Rc8 15.
c3 Kh7 16. b4 cxb4 17. cxb4 Nd4 18. Nxd4 exd4 19. Rec1 Bxd5 20. Bxd5 Qd7 21.
Qa2 Kg8 22. Rc4 Rxc4 23. Qxc4 Be5 24. Qb5 Qe7 25. a5 Qg5 26. Bxb7 Bh2+ 0-1